| 000 | 00481nam a22001457a 4500 | ||
|---|---|---|---|
| 008 | 131219b xxu||||| |||| 00| 0 eng d | ||
| 050 | _aQH31.W63S4 1940 | ||
| 100 |
_aSeaver, George _95945 |
||
| 245 |
_aEdward Wilson of the Antartic _bNaturalist and friend _cGeorge Seaver |
||
| 260 |
_aLondon _bJohn Murray _c1940 |
||
| 300 |
_axxxiv; 301p.; _c22cm |
||
| 600 |
_aWilson, Edward _95946 |
||
| 650 |
_aNatural history _xNatural history _zAntartic region _95947 |
||
| 942 |
_2lcc _cMONOGRAPH |
||
| 999 |
_c119348 _d119348 |
||